000 00645nam a2200277Ia 4500
005 20260324141917.0
008 008 260324s9999 xx 000 0 eng d
020 _a9781003555940
037 _aEBOOK
040 _aCRL
040 _beng
040 _cCRL
041 _2eng
041 _aeng
084 _qCRL
100 _aAlbert J. Loomie
_91209973
245 0 _aSpain and the Early Stuarts, 1585-1655
260 _bTaylor and Francis
260 _c1996
365 _a
365 _b56.99
856 _uhttp://www.taylorfrancis.com/books/9781003555940
942 _cEBOOK
999 _c1813563
_d1813563